000 01049nam a2200289 a 4500
001 000005347
005 20200929151641.0
008 090819s1989 sp a 000 0 spa d
020 _a8400069951
040 _aDO-SdBNP
_bspa
_cBNPHU
082 _a769.946
_bC315d
100 1 _aCarrete Parrondo, Juan
_915160
245 1 0 _aDifusión de la ciencia en la España ilustrada :
_bestampas de la Real Calcografía /
_cJuan Carrete Parrondo.
260 _aMadrid, España :
_bConsejo Superior de Investigación Cientificas,
_c1989.
300 _a396 p. :
_bil. ;
_c30 cm.
500 _aIncluye notas
504 _aBibliográfía : p. 4
650 4 _aGrabado español
_xColecciones
_915161
650 4 _aCalcografía
_915162
650 4 _aGrabado
_xHistoria
_zMadrid (España{Rpara}
_915163
650 4 _aGrabado
_xObras ilustradas
_915164
650 4 _aArtes gráficas
_xHistoria
_zMadrid (España{Rpara}
_915165
650 4 _aIlustración de libros
_915166
650 4 _aGrabado
_xTécnica
_915167
650 4 _aGrabado
_xImpresión
_915168
049 _aBNPD
999 _c5148
_d5148